[Event "Novosibirsk"]
[Site "Novosibirsk"]
[Date "1995.??.??"]
[Round "8"]
[White "Dreev, Alexey"]
[Black "Rublevsky, Sergei"]
[Result "1/2-1/2"]
[WhiteElo "2670"]
[BlackElo "2595"]
[Annotator "Belov,I"]
[PlyCount "89"]
[EventDate "1995.10.??"]
[EventType "tourn"]
[EventRounds "11"]
[EventCountry "RUS"]
[EventCategory "15"]
[SourceTitle "CBM 050"]
[Source "ChessBase"]
[SourceDate "1996.02.01"]
[SourceVersion "1"]
[SourceVersionDate "1996.02.01"]
[SourceQuality "1"]

1. d4 d5 2. c4 dxc4 3. e3 Nf6 4. Bxc4 e6 5. Nf3 c5 6. O-O a6 7. Bd3 Nbd7 8. Qe2
b6 9. Rd1 Bb7 10. Nbd2 $5 (10. Nc3 Qb8 $5 (10... Qc7 11. Bd2 Bd6 12. Rac1 O-O
13. e4 cxd4 (13... e5 14. dxc5 Nxc5 15. Na4 Qe7 16. Nxb6 Nxd3 17. Qxd3 Bxe4 $10
{Schulz,K.J-Gabriel,C/GER/1993/0,5/32/}) 14. Nb5 (14. Nxd4 Bxh2+ 15. Kh1 Be5
$17) 14... Qb8 15. Nbxd4 Nc5 16. e5 Nxd3 17. Qxd3 Bxe5 $17 {Gurevich,M-Magem,J/
Barcelona/1992/0:1/69/}) 11. a4 (11. e4 cxd4 12. Nxd4 Bd6 13. h3 O-O 14. Bc2
Rc8 $15 {Tisdall,J-Hansen,L.Bo/Reykjavik zt/1995/0:1/41/}) 11... Bd6 12. h3 O-O
13. Bd2 Re8 14. Ng5 cxd4 15. exd4 e5 $1 $15 {Greenfeld,A-Loeffler,S/ISR/1995/1:
0/33/}) (10. e4 cxd4 11. Nxd4 Bd6 12. Nc3 O-O 13. f4 Bc5 14. Be3 e5 15. Nb3
Bxe3+ 16. Qxe3 exf4 17. Qxf4 Qb8 $10 {Goldin,A-Ehlvest,J/New York op/1991/0,5/
51/}) 10... Qc7 11. a4 Be7 12. Nc4 (12. Nf1 $5 O-O 13. Ng3 Rfd8 14. Bd2 $14)
12... O-O 13. Bd2 b5 $5 14. Ba5 (14. Na5 c4 15. Bc2 Be4 $10) 14... Qc6 15. Ncd2
c4 16. Bc2 Nd5 (16... Rac8 17. e4 b4 $13) 17. Be4 $6 (17. e4 Nb4 (17... Nf4 18.
Qe3) 18. Bxb4 Bxb4 19. Nf1 $10) 17... f5 18. Bb1 N7f6 (18... Rac8 $5 $15) 19.
Ne5 $1 Nf4 (19... Qc8 20. f3 (20. e4 fxe4 21. Nxe4 Nf4 22. Qe3 N6d5 23. Qe1 Qe8
$17) 20... Nb4 $13) 20. Qf3 $1 Qc8 $1 (20... Qxf3 21. Ndxf3 N4d5 22. Ng5 Bc8
23. e4 fxe4 24. Nxe4 $14) 21. Qxf4 Nh5 22. Ng6 $8 hxg6 23. Qc7 Qxc7 24. Bxc7
Bb4 $6 (24... Nf6 25. Nf3 Nd5 26. Be5 b4 $15) 25. Nf3 Rfc8 26. Be5 Bd5 27. Bc2
Nf6 (27... c3 28. bxc3 Bxc3 29. Rab1 b4 $15) 28. Ng5 Be7 $6 (28... c3 $5) 29.
f3 Nh7 $6 (29... c3 $142) 30. Nh3 $1 g5 (30... b4 31. Nf4 Nf8 32. e4 fxe4 33.
fxe4 Bb7 34. d5 $14) 31. e4 fxe4 32. fxe4 Bb7 33. Re1 Bf6 (33... b4 34. a5 $14)
34. Bxf6 gxf6 35. e5 f5 36. g4 $1 $14 c3 (36... fxg4 37. Bxh7+ Kxh7 38. Nxg5+
Kg6 39. Nxe6 $16) 37. Bb3 (37. b3 Be4 $1 38. Bxe4 fxe4 39. Rxe4 c2 40. Rc1 Rc3
41. Nf2 Rac8 $132) 37... Nf8 38. Nxg5 (38. axb5 cxb2 39. Rab1 Rc3 $19) (38.
gxf5 cxb2 39. Ra3 (39. Rab1 Rc3) 39... b4 40. Ra2 Rc3 $19) 38... cxb2 39. Rab1
bxa4 $1 40. Bxa4 (40. Bxe6+ $2 Nxe6 41. Nxe6 a3 42. gxf5 (42. Re3 Be4) 42...
Rc2 $19) 40... Rc4 41. Bd1 (41. Bb3 Rxd4 42. Nxe6 Rxg4+ 43. Kf1 Nxe6 44. Bxe6+
Kg7 45. Rxb2 Be4 $10) 41... Rxd4 42. Rxb2 Rad8 (42... Bd5 43. gxf5 exf5 44. e6
$16) 43. Be2 (43. Rxb7 Rxd1 44. Rxd1 Rxd1+ 45. Kf2 fxg4 46. Rb6 $10) 43... R8d7
44. Rb6 (44. gxf5 Rg7 45. Kf2 Rf4+ 46. Ke3 Rxf5 $17) 44... fxg4 45. Nxe6 $10
1/2-1/2

[Event "Ptuj"]
[Site "Ptuj"]
[Date "1993.??.??"]
[Round "?"]
[White "Mikhalchishin, Adrian"]
[Black "Sher, Miron Naumovich"]
[Result "0-1"]
[WhiteElo "2520"]
[BlackElo "2535"]
[Annotator "Belov,I"]
[PlyCount "60"]
[EventDate "1993.11.??"]
[EventType "tourn"]
[EventRounds "10"]
[EventCountry "SLO"]
[EventCategory "9"]
[SourceTitle "CBM 039"]
[Source "ChessBase"]
[SourceDate "1994.04.01"]
[SourceVersion "1"]
[SourceVersionDate "1994.04.01"]
[SourceQuality "1"]

1. Nf3 d5 2. d4 Nf6 3. c4 e6 4. Nc3 dxc4 5. e3 a6 6. a4 c5 7. Bxc4 Nc6 8. O-O
Be7 9. Ne5 $5 (9. Qe2 cxd4 10. Rd1 e5 11. exd4 exd4 12. Nxd4 Nxd4 13. Qe5 Qd6
$10) 9... cxd4 (9... O-O 10. Nxc6 bxc6 11. dxc5 Bxc5 12. b3 a5 13. Qf3 Qc7 14.
Bb2 Ba6 15. Ne4 $14 {Hort,V-Hartson,W/Hastings/1968 Inf 5/494/}) (9... Bd7 $5)
10. Nxc6 bxc6 11. exd4 a5 (11... O-O 12. a5 $14) 12. Be3 $5 $146 (12. Qf3 O-O
13. Qxc6 $5 Rb8 14. Bf4 $5 Rxb2 15. Nb5 Nd5 16. Bxd5 exd5 $2 (16... Qxd5 $5 17.
Qxd5 exd5 18. Nc7 Rd8 $10 {Polajzer,D-Zheliandinov,V/Kurent/1993/}) 17. Bc7 Qd7
18. Qc3 $1 $16) (12. Re1) (12. Bf4) 12... O-O (12... Ba6 13. b3 (13. Qe2 Bxc4
14. Qxc4 Qd7 $10) 13... O-O 14. Qe2 Bxc4 15. bxc4 Bb4 16. Rac1 $14) 13. Qe2 Nd5
(13... Qb6 $6 14. d5 c5 15. Bg5 $1 $16) 14. Rac1 Qb6 15. b3 Ba6 (15... Nxc3 16.
Rxc3 Qb4 17. Rfc1 Bd7 $14) 16. Ne4 Bxc4 (16... f5 17. Nc5 Bxc5 18. dxc5 Qb7 19.
Bd4 $16) (16... Bb4 17. Qh5 h6 18. Qf3 $14) 17. bxc4 Nxe3 18. fxe3 Rab8 (18...
f5 $5 19. c5 (19. Nd2 c5 $10) 19... Qc7 20. Nd2 (20. Nc3 Rab8 $10) 20... e5 $10
) 19. c5 Qc7 20. Nd6 $5 Rb4 (20... Bxd6 21. cxd6 Qxd6 22. Qa6 Rfc8 23. Qxa5 Ra8
24. Qh5 g6 25. Qf3 Rc7 26. Rc4 $14) 21. Nc4 Rxa4 22. Ra1 Rxa1 23. Rxa1 e5 $1
24. Nxe5 (24. Rxa5 $6 exd4 25. exd4 Bf6 26. Qe4 Qd8 $5 $17) (24. Nxa5 exd4 25.
exd4 Qf4 26. Rd1 Bf6 27. Nb3 Rd8 $15) 24... Bxc5 25. Qf3 (25. Nc4 Bb4 $15)
25... Bd6 $1 26. Nxc6 $8 Bxh2+ 27. Kh1 $6 (27. Kf1 $15) 27... Bd6 28. Rxa5 (28.
Nxa5 $2 Qc3 29. Ra2 Qe1+ $19) 28... Rc8 29. d5 $2 (29. Ne5 Qxa5 30. Qxf7+ Kh8
31. Qe6 Qe1+ 32. Kh2 Bxe5+ $19) 29... Qd8 (29... Qxa5 $1 30. Nxa5 Rc1+ $19) 30.
g3 $4 (30. Ra1 Qh4+ 31. Qh3 Qxh3+ 32. gxh3 Re8 $15) (30. Ra7 Qh4+ 31. Kg1 Qe1+
32. Qf1 Bh2+ $19) 30... Rxc6 (30... Rxc6 31. dxc6 Qxa5 $19) 0-1

[Event "Ptuj"]
[Site "Ptuj"]
[Date "1993.??.??"]
[Round "?"]
[White "Jelen, Iztok"]
[Black "Mikhalchishin, Adrian"]
[Result "1/2-1/2"]
[WhiteElo "2390"]
[BlackElo "2520"]
[Annotator "Belov,I"]
[PlyCount "58"]
[EventDate "1993.11.??"]
[EventType "tourn"]
[EventRounds "10"]
[EventCountry "SLO"]
[EventCategory "9"]
[SourceTitle "CBM 039"]
[Source "ChessBase"]
[SourceDate "1994.04.01"]
[SourceVersion "1"]
[SourceVersionDate "1994.04.01"]
[SourceQuality "1"]

1. d4 d5 2. c4 dxc4 3. e3 e6 4. Bxc4 c5 5. Nf3 a6 6. a4 Nf6 7. O-O Nc6 8. Qe2
Qc7 9. Nc3 Be7 10. Rd1 O-O 11. b3 $5 (11. Bd2 Rd8 12. Be1 Bd7 13. d5 exd5 14.
Nxd5 Nxd5 15. Bxd5 Bg4 16. h3 Bh5 17. Bc3 $14 {Foisor,O-Anand,V/Moscow/1987
Inf 44/472/}) (11. d5 exd5 12. Nxd5 Nxd5 13. Bxd5 Bf6 $1 $10 {Plachetka,
J-Mikhalchishin,A/Trnava/1988 Inf 46/55/}) (11. e4 Ng4 $1 12. e5 cxd4 13. Nxd4
Ngxe5 14. Bf4 Qa5 15. Nxc6 $1 Nxc6 16. Rac1 $44 {Serebrjanik,A-Vainerman,I/
SSSR/1989 Inf 47/474/}) 11... b6 (11... Bd7 12. Bb2 Rad8 13. d5 exd5 14. Nxd5
Nxd5 15. Bxd5 Bg4 16. Qc4 $14 {Uhlmann,W-Hennings,A/DDR (ch)/1968 Inf 5/495/})
12. Bb2 Bb7 13. d5 $5 (13. Rac1 Rfd8 14. h3 Na5 15. Ne5 Nc6 16. Nb1 $5 (16. Nf3
Na5) 16... Nxe5 17. dxe5 Qc6 18. f3 Nd5 $13 {Pinter,J-Ehlvest,J/Zagreb (izt)/
1987 Inf 44/472/}) 13... exd5 14. Nxd5 Nxd5 15. Bxd5 Na5 $5 16. Be5 $1 Qc8 17.
e4 Re8 (17... Bxd5 18. exd5 Nxb3 $6 19. Rab1 Na5 20. Rxb6 $16) 18. Qb2 Bxd5 19.
exd5 (19. Rxd5 Bf8 20. Rad1 Nc6 21. Rd7 Nd4 $1 $13) 19... Bf8 20. Bc3 (20. d6
Rd8 21. Rd5 Qc6 22. Rad1 Rd7 23. Bg3 f6 $13) 20... Nb7 21. Ne5 f6 22. Nc6 (22.
Nc4 Qc7 23. a5 b5 24. Nb6 Rad8 $13) 22... Nd8 23. Nxd8 Rxd8 24. Rd3 Qf5 25.
Rad1 Ra7 26. h3 Rad7 27. Rf3 (27. Qd2 Bd6 28. Re1 Re7) 27... Qh5 28. Qe2 Rxd5
29. Re1 $1 (29. Rxd5 Qxd5 30. Qxa6 Qd1+ 31. Kh2 Bd6+ 32. g3 Qxf3 $19) 29... b5
(29... b5 30. axb5 axb5 31. Qxb5 $10) 1/2-1/2

[Event "Teheran FIDE GP (Women)"]
[Site "Teheran"]
[Date "2016.02.21"]
[Round "9"]
[White "Cramling, Pia"]
[Black "Dzagnidze, Nana"]
[Result "1-0"]
[WhiteElo "2521"]
[BlackElo "2529"]
[Annotator "Besenthal,K"]
[PlyCount "75"]
[EventDate "2016.02.11"]
[EventType "tourn"]
[EventRounds "11"]
[EventCountry "IRI"]
[EventCategory "11"]
[SourceTitle "CBM 171"]
[Source "ChessBase"]
[SourceDate "2016.03.14"]
[SourceVersion "2"]
[SourceVersionDate "2016.03.14"]
[SourceQuality "1"]

1. Nf3 Nf6 2. c4 e6 3. Nc3 d5 4. d4 dxc4 5. e3 a6 6. a4 c5 7. Bxc4 Nc6 8. O-O
cxd4 9. exd4 Be7 10. Bg5 O-O 11. Qd2 Qa5 12. Rfd1 Rd8 13. Rac1 Bd7 $6 {
Diagramm [#] Die Überführung des Läufers nach e8 ist vielleicht zu passiv.}
(13... h6 $1 {mit nachfolgendem aktivem Spiel gegen die Bauern d4 und b2 war
stärker.}) 14. Qe2 Be8 $6 (14... Re8 $1 {hätte den Turm schon einmal als
unangenehmes Gegenüber für die De2 positioniert.}) 15. Bxf6 Bxf6 16. d5 exd5
17. Nxd5 {Würde man nur die Bauern betrachten, dann wäre dies eine
ausgeglichene Stellung ohne Gewinnperspektive. Aber die weißen Figuren stehen
alle sehr aktiv und arbeiten gut zusammen. Das gibt den Ausschlag.} Rd6 18. b3
h6 19. h3 {Diagramm [#]} Rad8 (19... Rb8 $1 {hätte die eigenen aktiven
Möglichkeiten unterstützt.}) 20. Nxf6+ Rxf6 21. Rxd8 Qxd8 22. Rd1 Qc8 23. Ne5
Nxe5 24. Qxe5 {Diagramm [#]} Kf8 $2 (24... b5 $1) 25. Re1 Qd8 (25... Bc6 26.
Qe7+ Kg8 27. Rd1 $18) (25... Qd7 {war aber besser.}) 26. Qe4 g6 27. Qxb7 Kg7
28. Qe7 Qxe7 29. Rxe7 Kf8 30. Ra7 Rd6 31. Rxa6 Rd1+ 32. Kh2 h5 33. Ra7 h4 34.
a5 Rd2 35. f3 f5 36. Rc7 g5 37. a6 Bh5 38. Kg1 {Diagramm [#]} 1-0

[Event "Poikovsky Karpov 06th"]
[Site "Poikovsky"]
[Date "2005.02.27"]
[Round "2"]
[White "Bologan, Viktor"]
[Black "Rublevsky, Sergei"]
[Result "1-0"]
[WhiteElo "2683"]
[BlackElo "2650"]
[Annotator "Bologan,V"]
[PlyCount "137"]
[EventDate "2005.02.26"]
[EventType "tourn"]
[EventRounds "9"]
[EventCountry "RUS"]
[EventCategory "18"]
[SourceTitle "CBM 106"]
[Source "ChessBase"]
[SourceDate "2005.06.06"]
[SourceVersion "1"]
[SourceVersionDate "2005.06.06"]
[SourceQuality "1"]

1. d4 {It's very important to start well the tournament. After my draw with
black against Svidler in the first round I had to try to show somtething with
white against Rublevsky, because after the drawing of lots I got more black
then whites.} d5 2. c4 dxc4 {Sergey's main weapon. Also he plays some times
the Chebanenco variation in Slav.} 3. e3 (3. e4 {was tried without big succes
by Onischuk against Bacrot in the 7th round.}) 3... e6 4. Bxc4 c5 5. Nf3 a6 6.
O-O Nf6 7. Bb3 b5 (7... Nc6 {is more popular but not in Rublevsky's case.}) 8.
a4 b4 9. e4 $1 {This pawn sacrifice is very tipical for the situations when
black exposes his queenside and has difficaulties with development.} cxd4 {
of course taking on e4 doesn't look too attractive} (9... Nxe4 10. d5) 10. Nbd2
Be7 11. e5 Nfd7 12. Nc4 Nc6 13. Nxd4 Ncxe5 14. Bf4 {In our last year game from
Poikovskii I choosed another move} (14. Be3 {but after} O-O 15. Nxe5 Nxe5 16.
f4 Ng6 17. Qf3 Bd7 18. Rad1 Qa5 $1 19. f5 exf5 20. Nxf5 Qxf5 21. Qxf5 Bxf5 22.
Rxf5 {I obtained the compensation enough only for draw Bologan Victor Viorel -
Rublevsky Sergei 2657 , Poikovskii 2004 5th Karpov It}) 14... Nxc4 15. Nc6 Qb6
16. Nxe7 Kxe7 17. Bxc4 Bb7 {I think the correct assesment of the position
should be as a good compensation for the pawn for white. Black's only problem
is the centralized position of his king which in some circumstances could be
very sensible.} 18. Qd2 {Few rounds later another new d4 player Grischuk
choosed} (18. Qb3 $5 {Against the same opponent and after inaccurate jump of
the knight to c5} Nc5 {?! got good advantage} (18... Rac8 {was better} 19. Rac1
$44) 19. Qe3 Qc6 20. f3 Rhd8 21. Rfc1 Rac8 22. Qe1 Ke8 23. Bg5 Rd4 24. Be3 Rd7
25. Qxb4 $16 {Grischuk Alexander 2710 - Rublevsky Sergei 2650 , Poikovsky 1. 3.
2005 It (cat. 18)}) 18... Rhc8 19. Rac1 $1 {This was the novelty I kept in my
analysis files for more then half a year. It's not refuting the line itself
but leads to an complex game with many pieces on board and good perspectives
of capturing back the pawn.} (19. Rfd1 Rxc4 20. Qxd7+ Kf8 21. a5 Qc6 22. Bd6+
Kg8 23. Qxc6 Bxc6 24. Rac1 Rxc1 25. Rxc1 Rc8 26. Bxb4 {= Aleksandrov Aleksej
2668 - Rublevsky Sergei 2671 , Sochi 28. 4.2004 Ch Russia (club)}) 19... Ke8 $5
{Strange enough this prophylactical move which was immediately made by
Rublevsky came as surprize to me. Black is not in hurry to escape with his
king to the kingside. First he secures himself from eventual check from the
black squares.} (19... Nf6 20. a5 Qxa5 21. Qd6+ Ke8 22. Bxe6 Rxc1 23. Rxc1 Rd8
24. Bxf7+ Kxf7 25. Rc7+ Rd7 26. Rxd7+ Nxd7 27. Qxd7+ Kf6 28. h4 $1) (19... Rd8
$5) 20. Rfe1 Nf6 $1 {creating some possible threats like Ne4 or Nd5.} (20... a5
21. Qd3 Nf6 22. Bg5 $44) 21. b3 Rd8 22. Qa2 {'with the idea' a5, Bc7. After
the game I was very proud with this move which is classical multifunctional
one. But later I realized that my opponents reaction to that wasn't the best.}
Rac8 (22... Qd4 23. Be5 Qg4 24. Bf1 Rac8 25. Qb2 Rxc1 26. Rxc1 Qg6 27. Qe2 $44)
(22... Ne4 23. Bc7 Qa7 24. Bxd8 Rxd8 25. Rc2 $14) 23. a5 {This was one of the
points to create the weakness on b4. The second one was toplay Bc7.} Qc6 $6 {
Natural but to passive. Black had to look for his hapiness in the active play.}
(23... Qd4 {! after which white has to be stisfied with a modest compensation
after} 24. Bg3 (24. Be3 Qg4 25. f3 Bxf3 26. h3 (26. Bxa6 Rc3 27. Rxc3 bxc3 28.
Qa4+ Qxa4 29. bxa4 Bc6) 26... Qg3) (24. Be5 Qg4) 24... Kf8 25. Qa4 Qc5 26. Qa1
Qe7 27. Be5 $44) 24. Bf1 Qd7 25. Qa1 {! twice in this tournament I placed my
queen in the corner with the exlamation mark. Beside the permanent threat of
jumping on a4, white also creates an unpleasunt pressure on the big diagonal,
which lefts black without too many moves.} Kf8 26. Bg5 Rxc1 (26... Qe7 27. Rxc8
Rxc8 28. Qd4 Kg8 29. Rd1 h6 30. Bxf6 gxf6 31. Qb6 $14) 27. Rxc1 Rc8 $6 {
leads to a loose of the material but even the best.} (27... Qe7 {would put
black in a very passive situation after} 28. Qe5 $44) 28. Rxc8+ Qxc8 29. Qd4 {
I didn't like the natural} (29. Bxf6 gxf6 30. Qxf6 {because of} Qc3 {and
black's bishop in the eventual pawn race it's much better then his white
opponent.}) 29... Nd5 30. Bd2 $14 {gaining back the pawn and finally deciding
the march of the battle for the next 40 moves} Kg8 31. Bxb4 h6 (31... Nxb4 32.
Qxb4) 32. Qc5 $1 {I think with queens for black is easier to defend thanks to
very strong knight on d5. While without the white king can be very helpful in
white's attempts to create a passed pawn on a queene side.} Qxc5 (32... Qd7 {
would give white some attacking perspectives after} 33. Qf8+ Kh7 34. Bd6 $14 {
folowed be Be5 and Bd3}) 33. Bxc5 g5 34. f3 {ofcourse white first has to limit
black's bishop and to try to keep his pawn structure on the king-side a s
elastic is possible.} f6 35. Kf2 Kf7 36. b4 Nc7 {here is the point of black's
defense. He is not afraid of different color bishops ending which allows him
to put his knight on b5 which together with the bishop on d5 will create a
fortress.} 37. Be2 Bc6 38. Bb6 Nb5 39. Ke3 f5 $6 {This could be a decissive
mistake. Now white gets an very nce square on e5. Better was} (39... Kg6 40.
Bd3+ (40. Kd3 Bd5) 40... Kf7 {to try to hold the fortress but even hear} 41.
Bd8 $14 {with eventual pawn attack on the kingside it's promissing for white})
40. g3 Kg6 41. Kd3 {creating a threat of penetration to the queeneside white
prepares a comfortable ocupation of the e5 square. I think} (41. Bd4 {was a
bit premature in a view of} f4+ 42. Kd3 (42. gxf4 gxf4+ 43. Kd3 Kf5 44. Bg7 e5)
42... fxg3 (42... Nc7 43. Be5 Bb5+ 44. Kd2 Bxe2 45. Kxe2 Nb5 46. g4 $16) 43.
hxg3 h5 $14 {with good chances for draw}) 41... Bd5 {Xc4 no way} (41... e5 {
? would be too optmistic} 42. Kc4 Nd4 $5 43. Kc5 Bb7 $8 44. Bc4 Nxf3 (44... f4
45. Bd5) 45. Bd5 $1) 42. Bd4 h5 43. Be5 {Sergey Zagrebelnyi sugested in his
comments for the www.chesspro.ru} (43. h3 $6 {which I consider simply bad in a
view of} f4) 43... g4 (43... f4 44. gxf4 Kf5 45. Ke3) 44. Ke3 Bc6 {Here I
spent a good part of my time left till the end of the game in order to find a
winning plan. I decided that after exchanging the black h pawn the most
probable result will be a draw. So I definitely needed the classical second
weakness.} 45. Kf2 Kf7 {black could always try for the ending knight against
bishop but so far I understand all this endings are lost here.} (45... gxf3 46.
Bxf3 Bxf3 47. Kxf3 Na7 48. Ke3 Nc6 49. Bc3 e5 50. Kd3 $16) 46. h4 $1 {This
temporary sacrifice permits white either to create a passed pawn after fg4 hg4
either to get with the king to h4 in order to attack the h pawn. Meanwhile for
black is very difficlut to create a reasonable counterplay becuase his pieces
are busy with defending the queenside.} gxh3 (46... gxf3 47. Bxf3 Bxf3 48. Kxf3
Na7 49. Kf4 Nc6 50. Bc3 Kg6 51. Ke3 e5 52. Kd3 Kf7 53. Kc4 f4 54. gxf4 exf4 55.
b5 $18) 47. Kg1 Bb7 (47... f4 $5 48. gxf4 Kg6 49. Kh2 $16) 48. Kh2 Na3 {
only now the knight gets into the play} 49. Kxh3 Nc2 50. Bc3 Ne3 51. Kh4 (51.
f4 {was possible but I desided to keep the structure elastic} Nd5 (51... Kg6
52. b5) 52. Bd2 Nf6 53. b5 axb5 54. Bxb5 $18) 51... f4 $1 {good practical
chance who knows may be one day the passed h pawn will help} (51... Kg6 52. f4
Nd5 53. Bxh5+ Kh6 54. Bd2 $18) 52. gxf4 Kg6 53. Bd3+ Nf5+ 54. Kh3 Kh6 55. Bc4
Kg6 56. Bxe6 Bxf3 57. b5 $1 axb5 58. a6 {with the idea of Bc8-b7. Now when
white has two passed pawns on different supported by two bishops the game
should be won by white. But it's not so clear. We both were in timetrouble and
also black has also to pawns.} Ne7 (58... Bc6 59. Bb4 Kf6 (59... Nd4 60. Bc8
Be4 61. f5+ Kf7 62. Bc5 Nc6 63. Kh4 Kf6 64. a7 $18) 60. Bc8 $18) 59. Bd7 Nd5
60. Kg3 Be4 61. f5+ $6 {'time' an impulsive check which adjourns the end the
simple} (61. Bc6 $18 {would be enough as the knight can not stop the pawn after
} Nf6 62. Bxe4+ Nxe4+ 63. Kf3 Nxc3 64. a7) 61... Kg5 62. Ba5 (62. Bd2+ Kf6 63.
Bc6 Kxf5 64. Ba5 $18) 62... h4+ (62... b4 63. a7 h4+ 64. Kh3 Nf4+ 65. Kh2 Nd3
66. Bd8+ Kh6 67. f6 Ne5 68. Be8 $18) 63. Kf2 Nf6 (63... b4 64. Bd8+ Nf6 65. Be6
b3 66. Bxb3 Kxf5 67. a7 Ba8 68. Bxf6 $18) 64. Bc8 b4 (64... Ng4+ 65. Kg1 (65.
Ke2 h3 66. Bb7 Bxb7 67. axb7 h2 68. b8=Q h1=Q 69. Bd2+ Kxf5 70. Qf4+ Ke6 71.
Qxg4+ $16) 65... h3 66. Bc7 h2+ (66... b4 67. Bb7) 67. Bxh2 Nf6 68. Be5 Ng4 69.
Bb2 $18) 65. Bxb4 Kg4 66. Bb7 h3 67. Bxe4 Nxe4+ 68. Kg1 Kg3 {the last chance}
69. Be1+ 1-0

[Event "YUG Cup"]
[Site "Ulcinj"]
[Date "1998.??.??"]
[Round "5"]
[White "Bakic, Rados"]
[Black "Pikula, Dejan"]
[Result "0-1"]
[WhiteElo "2440"]
[BlackElo "2440"]
[Annotator "Bulletin"]
[PlyCount "104"]
[EventDate "1998.??.??"]
[EventType "team"]
[EventRounds "7"]
[EventCountry "YUG"]
[SourceTitle "EXT 1999"]
[Source "ChessBase"]
[SourceDate "1998.11.16"]
[SourceVersion "1"]
[SourceVersionDate "1998.11.16"]
[SourceQuality "1"]

1. d4 d5 2. c4 dxc4 3. Nf3 Nf6 4. e3 e6 5. Bxc4 c5 6. O-O a6 7. b3 Nbd7 8. Bb2
Be7 9. Nbd2 O-O 10. Qe2 cxd4 11. Nxd4 Nb6 12. Bd3 Nbd5 13. Rac1 Bd7 14. Nc4 Qb8
15. f4 Rc8 16. Bb1 Bc5 17. Qf3 Bb5 18. Kh1 Qa7 19. Rfd1 Rd8 20. Ne5 Be8 21. Nd3
Bb6 22. Ne5 Rac8 23. Nc4 Bc5 24. h3 Qb8 25. a3 Ba7 26. Qg3 g6 27. Qf3 b5 28.
Ne5 Qd6 $4 29. Rxc8 $1 Rxc8 30. e4 $18 b4 31. axb4 Qxb4 32. exd5 Nxd5 33. f5
Nc3 34. fxe6 fxe6 35. Bxc3 Rxc3 36. Qa8 Bb8 37. Qe4 Qd6 38. Nef3 $4 (38. Ng4 h5
39. Nf6+ Kh8 $8 40. Kg1 $1 $18) 38... Rxf3 $1 39. Nxf3 $4 (39. Qxe6+ Qxe6 40.
Nxe6 Rxb3 $17) 39... Qxd1+ $19 40. Ne1 Qd6 41. Kg1 Ba7+ 42. Kf1 Qb6 43. Ke2
Qxb3 44. Bd3 Qb6 45. Bc4 Bd7 46. Nd3 a5 47. Ne5 Qb2+ 48. Ke1 Qf2+ 49. Kd1 Ba4+
50. Kc1 Be3+ 51. Kb1 Qe1+ 52. Ka2 Qd2+ 0-1

[Event "World Cup"]
[Site "Skelleftea"]
[Date "1989.08.??"]
[Round "6"]
[White "Nikolic, Predrag"]
[Black "Seirawan, Yasser"]
[Result "1/2-1/2"]
[WhiteElo "2600"]
[BlackElo "2585"]
[Annotator "Bulletin"]
[PlyCount "55"]
[EventDate "1989.08.??"]
[EventType "tourn"]
[EventRounds "15"]
[EventCountry "SWE"]
[EventCategory "16"]
[SourceTitle "CBM 014"]
[Source "ChessBase"]
[SourceDate "1990.02.01"]
[SourceVersion "1"]
[SourceVersionDate "1990.02.01"]
[SourceQuality "1"]

1. Nf3 d5 2. d4 Nf6 3. c4 dxc4 4. e3 c5 5. Bxc4 e6 6. O-O a6 7. a4 Nc6 8. Qe2
Be7 9. Rd1 O-O 10. dxc5 Qc7 11. b3 e5 {'!' Bulletin. Bulletin: 'Ftacnik'} 12.
Nc3 (12. e4 $2 Bg4 $1) 12... e4 13. Nd2 Bg4 14. f3 exf3 15. gxf3 Bh5 16. Bb2
Rad8 17. Nce4 Ne5 18. Rf1 Nxe4 19. Nxe4 Bg6 20. Rac1 Nxc4 21. Rxc4 f5 22. Nf2
Bf7 23. Rcc1 Rfe8 24. Nd3 Bxb3 25. Rf2 Bf8 26. Rg2 Bxa4 27. Nf4 Qf7 28. Kh1
1/2-1/2